Normal view
MARC view
- GROUT,IAN
Entry Personal Name
001 - CONTROL NUMBER
- control field: 89230
003 - CONTROL NUMBER IDENTIFIER
- control field: NUST
005 - DATE AND TIME OF LATEST TRANSACTION
- control field: 20220218162104.0
008 - FIXED-LENGTH DATA ELEMENTS
- fixed length control field: 220218|| aca||aabn | a|a d
040 ## - CATALOGING SOURCE
- Original cataloging agency: NUST
- Transcribing agency: NUST
100 ## - HEADING--PERSONAL NAME
- Personal name: GROUT,IAN
670 ## - SOURCE DATA FOUND
- Source citation: Work cat.: (NUST): GROUT,IAN., DIGITAL SYSTEM DESIGN /, 2008.
